Дейтериевый лайнер и многопараметрическое исследование процесса формирования инверсного Z--пинча; Журнал технической физики; Т. 72, вып. 9

Dades bibliogràfiques
Parent link:Журнал технической физики/ Российская академия наук (РАН), Физико-технический институт им. А. Ф. Иоффе (ФТИ).— , 1931-
Т. 72, вып. 9.— 2002.— С. 29-37
Altres autors: Быстрицкий Вит. М., Быстрицкий Вяч. М., Возняк Я., Гребенюк В. М., Гула Е., Дудкин Г. Н. Геннадий Николаевич, Месяц Г. А. Геннадий Андреевич, Нечаев Б. А. Борис Александрович, Падалко В. Н. Владимир Николаевич, Паржицкий С. С., Пеньков Ф. М., Ратахин Н. А. Николай Александрович, Сорокин С. А., Столупин В. А.
Idioma:rus
Publicat: 2002
Matèries:
Format: MixedMaterials Capítol de llibre
KOHA link:https://koha.lib.tpu.ru/cgi-bin/koha/opac-detail.pl?biblionumber=453143

MARC

LEADER 00000naa2a2200000 4500
001 453143
005 20240205102111.0
035 |a (RuTPU)RU\TPU\prd\115648 
090 |a 453143 
100 |a 20110705a2002 k y0rusy50 ca 
101 0 |a rus 
102 |a RU 
200 1 |a Дейтериевый лайнер и многопараметрическое исследование процесса формирования инверсного Z--пинча  |f Вит. М. Быстрицкий [и др.] 
320 |a Библиогр.: с. 37 (16 назв.) 
461 0 |0 (RuTPU)RU\TPU\prd\452  |t Журнал технической физики  |f Российская академия наук (РАН), Физико-технический институт им. А. Ф. Иоффе (ФТИ)  |d 1931- 
463 0 |0 (RuTPU)RU\TPU\prd\99949  |t Т. 72, вып. 9  |v С. 29-37  |d 2002 
610 1 |a труды учёных ТПУ 
701 1 |a Быстрицкий  |b Вит. М. 
701 1 |a Быстрицкий  |b Вяч. М. 
701 1 |a Возняк  |b Я. 
701 1 |a Гребенюк  |b В. М. 
701 1 |a Гула  |b Е. 
701 1 |a Дудкин  |b Г. Н.  |c специалист в области ядерных технологий  |c старший научный сотрудник Томского политехнического университета кандидат физико-математических наук  |f 1944-  |g Геннадий Николаевич  |3 (RuTPU)RU\TPU\pers\28134  |4 070  |9 13092 
701 1 |a Месяц  |b Г. А.  |c российский физик  |c академик, вице-президент РАН  |c выпускник Томского политехнического института  |f 1936-  |g Геннадий Андреевич  |3 (RuTPU)RU\TPU\pers\17099  |4 070 
701 1 |a Нечаев  |b Б. А.  |c физик  |c ведущий инженер Томского политехнического университета  |f 1945-  |g Борис Александрович  |3 (RuTPU)RU\TPU\pers\34596 
701 1 |a Падалко  |b В. Н.  |c российский учёный в области ядерной физики  |c старший научный сотрудник Томского политехнического университета  |g Владимир Николаевич  |3 (RuTPU)RU\TPU\pers\28138  |4 070 
701 1 |a Паржицкий  |b С. С. 
701 1 |a Пеньков  |b Ф. М. 
701 1 |a Ратахин  |b Н. А.  |c физик  |c заведующий кафедрой Томского политехнического университета, доктор физико-математических наук  |f 1950-  |g Николай Александрович  |3 (RuTPU)RU\TPU\pers\35131 
701 1 |a Сорокин  |b С. А. 
701 1 |a Столупин  |b В. А. 
801 1 |a RU  |b 63413507  |c 20110705 
801 2 |a RU  |b 63413507  |c 20170202  |g RCR 
942 |c BK